000 00499nam a22001817a 4500
003 OSt
005 20140310182526.0
008 130220t xxu||||| |||| 00| 0 eng d
020 _a9780781792738
050 _aRM 301.14
_b.W429 2009
100 _aWeiss, Stephanie T.
_99524
245 _aHigh-Yield Pharmacology /
_cStephanie T. Weiss
250 _a3rd ed.
260 _aUSA :
_bLippincott Williams and Wilkins,
_cc2009.
300 _a166 p. :
_c25 cm.
942 _2lcc
_cSSLC
999 _c14074
_d14074